Loading...

The Romans/

Bibliographic Details
Format: Printed Book
Language:English
Published: London: C. A. Watts, 1995
LEADER 00491nam a22001457a 4500
003 OSt
005 20200624134523.0
008 151015b xxu||||| |||| 00| 0 eng d
082 |a 937.06 BAL/R 
245 |a The Romans/  |c edited by J. P. V. D. Balsdon 
260 |a London:  |b C. A. Watts,  |c 1995 
300 |a 288p. 
942 |2 ddc  |c BK 
999 |c 322964  |d 322964 
952 |0 0  |1 0  |2 ddc  |4 0  |6 937_060000000000000_BAL_R  |7 0  |9 369419  |a CSC  |b CSC  |c ST1  |d 2015-10-15  |i 2373  |l 0  |o 937.06 BAL/R  |p CSC2373  |r 2015-10-15  |w 2015-10-15  |y BK